000 00480nam a2200181Ia 4500
005 20250317131154.0
008 008 250317s9999 xx 000 0 eng d
037 _aTextbook
040 _aFMSL
_beng
_cFMSL
041 _aeng
_2eng
084 _qFMSL
100 _aAgarwal H P
_9746599
245 0 _aInvestment Guidelines for Indians abroad
260 _aAruna
_bAruna, Publications
_c1984
300 _a100p
942 _cTB
999 _c1266989
_d1266989